00730nas a2200217Ia 4500001001100000003000900011008004100020040001300061040001300074041001300087100004600100210001700146222001700163245009500180250001100275260004600286501008600332300001900418362003900437650003600476R020/75121IT-RoPAU151124c99999999xx |||||||||||| ||und|| aIT-RoPAU cIT-RoPAU aITALIANO aMontanaro CarlogCodice Aut. SPICS: 3629 aGRIFFITHIANA aGriffithiana aGRIFFITHIANA, ANNO 11-N.32/33 (SETTEMBRE 1988)bTheatre Du Petit Bob (Le): Quasi un Giallo a1a ed. aGEMONA (UDINE)bCINETECA DEL FRIULIc1988 bPaulus - SPICS - Società San Paolo EM (non-commercial uses only)cCopyright2015 a5 p. [127-131] aANNO 011, N.32/33 (SETTEMBRE 1988) aCINEMAvPUBBLICAZIONE PERIODICA